(CGMP) Current good manufacturing practices for pharmaceuticals / (Record no. 93029)
[ view plain ]
| 000 -LEADER | |
|---|---|
| fixed length control field | 00710nam a22002057a 4500 |
| 005 - DATE AND TIME OF LATEST TRANSACTION | |
| control field | 20150601104949.0 |
| 010 ## - LCCN (DPL NO) | |
| LC control number | ENG-112831 |
| 020 ## - INTERNATIONAL STANDARD BOOK NUMBER | |
| Terms of availability | 695.00 |
| International Standard Book Number | 9788188449784 |
| 035 ## - SYSTEM CONTROL NUMBER | |
| System control number | EN-96363 |
| 037 ## - SOURCE OF ACQUISITION | |
| Source of stock number/acquisition | DBAD/PUB |
| 082 ## - DEWEY DECIMAL CLASSIFICATION NUMBER | |
| Classification number | 338.476151 |
| 100 ## - MAIN ENTRY--PERSONAL NAME | |
| Personal name | Potdar, Manohar. A. |
| 245 ## - TITLE STATEMENT | |
| Title | (CGMP) Current good manufacturing practices for pharmaceuticals / |
| Statement of responsibility, etc | by Manohar A. Potdar |
| 250 ## - EDITION STATEMENT | |
| Edition statement | . |
| 260 ## - PUBLICATION, DISTRIBUTION, ETC. (IMPRINT) | |
| Place of publication, distribution, etc | Hyderabad |
| Name of publisher, distributor, etc | PharmaMed Press |
| Date of publication, distribution, etc | 2009 |
| 270 ## - ADDRESS | |
| Address | 4-4-316, Giriraj Lane, Sultan Bazar, |
| City | Hyderabad |
| Postal code | 500095 |
| Electronic mail address | info@pharmamedpress.com |
| Telephone number | 040-23445605, 23445688 |
| Fax number | 91+40-23445611 |
| 300 ## - PHYSICAL DESCRIPTION | |
| Extent | xxx,798p. : |
| Dimensions | 25cm(pbk) |
| Other physical details | ill. |
| 500 ## - GENERAL NOTE | |
| General note | Includes index |
| 942 ## - ADDED ENTRY ELEMENTS (KOHA) | |
| Source of classification or shelving scheme | Dewey Decimal Classification |
| Item type | English Books |
| Call number suffix | POT |
| Classification part | 338.476151 |
| Withdrawn status | Lost status | Not for loan | Collection code | Home library | Current library | Date acquired | Source of acquisition | Cost, normal purchase price | Full call number | Barcode | Copy number | Cost, replacement price | Koha item type |
|---|---|---|---|---|---|---|---|---|---|---|---|---|---|
| Not For Loan | Non-fiction | D.B.Act.Division | D.B.Act.Division | 17/04/2015 | DBAD/PUB | 695.00 | 338.476151 POT | EN-96363 | 1 | 695.00 | English Books |
